| 000 | 00491nam a2200193Ia 4500 | ||
|---|---|---|---|
| 005 | 20250522104423.0 | ||
| 008 | 008 250516s9999 xx 000 0 hin d | ||
| 020 | _a9789360866990 | ||
| 040 |
_aSDCL _beng _cSDCL |
||
| 041 |
_ahin _2hin |
||
| 084 |
_aY592.2'P, R4 _qSDCL |
||
| 100 | _aMohan | ||
| 245 | 0 |
_aJatiyon ka loktantra : _bJati aur chunav |
|
| 260 |
_aNew Delhi: _bRajkamal Prakashan, _c2024. |
||
| 300 | _a252p. | ||
| 365 |
_aINR _b795 |
||
| 650 | _aHindi | ||
| 942 | _cTEXL | ||
| 999 |
_c1430282 _d1430282 |
||